| 000 | 01390cam a2200373 a 4500 | ||
|---|---|---|---|
| 001 | 570 | ||
| 005 | 20230713101436.0 | ||
| 008 | 081017s2009 nyua c 000 1 eng | ||
| 020 | _a9781416978152 (hardcover : alk. paper) | ||
| 020 | _a1416978151 (hardcover : alk. paper) | ||
| 040 |
_aDLC _cDLC _dDLC |
||
| 050 | 0 | 0 |
_aPZ7.B26615 _bCas 2009 |
| 082 | 0 | 0 |
_a[Fic] _222 |
| 100 | 1 | _aBarnett, Mac. | |
| 245 | 1 | 4 |
_aThe case of the case of mistaken identity / _cby Mac Barnett ; illustrations by Adam Rex. |
| 250 | _a1st ed. | ||
| 260 |
_aNew York : _bSimon & Schuster Books for Young Readers, _c2009. |
||
| 300 |
_a179 pages. : _billustrations ; _c20 cm. |
||
| 490 | 0 |
_aThe Brixton Brothers ; _v1 |
|
| 505 | _aK | ||
| 520 | _aWhen twelve-year-old Steve Brixton, a fan of Bailey Brothers detective novels, is mistaken for a real detective, he must elude librarians, police, and the mysterious Mr. E as he seeks a missing quilt containing coded information. | ||
| 521 | 1 |
_a590
_bLexile |
|
| 521 | 1 | _aK | |
| 650 | 1 |
_aMistaken identity _vFiction. |
|
| 650 | 1 |
_aBooks and reading _vFiction. |
|
| 650 | 1 |
_aLibrarians _vFiction. |
|
| 650 | 1 |
_aPolice _vFiction. |
|
| 650 | 1 |
_aQuilts _vFiction. |
|
| 650 | 1 | _aMystery and detective stories. | |
| 650 | 1 | _aHumorous stories. | |
| 700 | 1 |
_aRex, Adam, _eillustrator |
|
| 906 |
_a7 _bcbc _corignew _d1 _eecip _f20 _gy-gencatlg |
||
| 942 |
_2ddc _cBK _n0 |
||
| 999 |
_c570 _d570 |
||